| 000 | 00557nam a2200181 i 4500 | ||
|---|---|---|---|
| 001 | 58580 | ||
| 003 | ES-MaACL | ||
| 005 | 20230906163836.0 | ||
| 007 | t| | ||
| 008 | 031023s1977 sp ||||1| spa d | ||
| 100 | 1 |
_aEaslea, Brian. _946444 |
|
| 245 | 1 | 3 |
_aLa liberación social y los objetivos de la ciencia / _cpor Brian Easlea ; [tradución de Leopoldo Lovelace]. |
| 250 | _a[1ª ed.]. | ||
| 260 |
_a[Madrid] : _bSiglo Veintiuno, _c[1977] |
||
| 300 |
_a502 p. ; _c21 cm. |
||
| 700 | 1 |
_aLovelace, Leopoldo. _974355 |
|
| 852 |
_aES-MaACL _jA-8060 _bR.96923 |
||
| 999 |
_c58580 _d58580 |
||